000 01309ny a22003253n 4500
003 OCoLC
005 20240305165320.0
008 050902s1993 nyu b i001 0 eng c
020 _a9789211337365
035 _a2639
040 _aSLU
_cSLU
_dvLex
050 1 4 _aK1370
_b.L44 2005
050 1 4 _aK1370
_b.L44 2005
090 _c720
_d720
245 0 0 _aLegislative guide on insolvency law
_h[Recurso electrónico]
246 3 _aUNCITRAL
246 3 _aUNCITRAL, legislative guide on insolvency law
256 _aServicio en línea
260 _aNew York :
_bUnited Nations,
_c2005
300 _axi, 384 p. ;
_c24 cm
500 _a"United Nations publication sales no. E.05.V.10"--T.p. verso
504 _aIncludes bibliographical references and index
506 1 _aContenido solo disponible en los productos indicados
_dvLex Global
_dvLex Global (Academic Edition, excluding Law Schools)
_dvLex Global (U.S. Academic Edition, Law Schools)
_dvLex Global (U.S. Academic Edition, excluding Law Schools)
_dvLex Global (Academic Edition, Law Schools)
650 0 4 _aDerecho mercantil
650 0 4 _aQuiebra
710 2 _aNaciones Unidas.
_bComisión para el Derecho Mercantil Internacional
740 0 _avLex Libros (Servicios en línea)
856 4 0 _uhttps://app.vlex.com/#/sources/2639
942 _cRAA
999 _c159239
_d159239